[Event "FRA-chT U20 0203"]
[Site "Clichy"]
[Date "2002.12.01"]
[Round "3.8"]
[White "Constantinoff, Vladimir"]
[Black "Guthmann, Elie"]
[Result "1-0"]
[WhiteElo "1009"]
[BlackElo "1270"]
[PlyCount "43"]
[EventDate "2002.12.??"]
[EventType "team"]
[EventRounds "11"]
[EventCountry "FRA"]
[SourceTitle "EXT 2004"]
[Source "ChessBase"]
[SourceDate "2003.11.25"]
[SourceVersion "1"]
[SourceVersionDate "2003.11.25"]
[SourceQuality "1"]
[WhiteTeam "Paris NAO"]
[BlackTeam "Clichy"]
[WhiteTeamCountry "FRA"]
[BlackTeamCountry "FRA"]

1. e4 c5 2. Nc3 d6 3. Nf3 Nf6 4. h3 g6 5. Be2 Bg7 6. 0-0 0-0 7. d3 Nc6 8. Bd2 d5 9. Qc1 Be6 10. Bh6 Bxh6 11. Qxh6 Nd4 12. Nxd4 cxd4 13. Nxd5 Nxd5 14. exd5 Bxd5 15. c4 Bc6 16. Rfe1 b5 17. cxb5 Bxb5 18. Bf3 Rb8 19. Re4 Bc6 20. Rh4 Re8 21. Qxh7+ Kf8 22. Qh8# 1-0